| 000 | 01140nam a22002537a 4500 | ||
|---|---|---|---|
| 003 | OSt | ||
| 005 | 20250917100028.0 | ||
| 008 | 240301b ||||| |||| 00| 0 eng d | ||
| 040 | _c0 | ||
| 082 | _aDPer 621.317 Ie21 June 2022 v. 37 n. 6 | ||
| 100 |
_aTeng, Jiaxun. _eauthor. _953777 |
||
| 245 |
_aTwo types of common-mode voltage suppression in medium voltage motor speed regulation system based on solid state transformer with dual DC bus / _cJiaxun Teng, Xiaofeng Sun, Yongrui Zhang, Huanshuai Fu, Xuemin Liu, Wei Zhao, and Xin Li. |
||
| 260 |
_aNew York ; _bThe Institute of Electrical and Electronics Engineers, Inc. , _cJune 2022. |
||
| 300 |
_aVolume 37, pages 7082-7099 : _billustration ; _c29 cm. |
||
| 500 | _aIEEE Transactions on Power Electronics, vol. 37, no. 6, pages 7082-7099, June 2022. | ||
| 700 |
_aTeng, Jiaxun. _eauthor. _953777 |
||
| 700 |
_aSun, Xiaofeng. _eauthor. _953778 |
||
| 700 |
_aZhang, Yongrui. _eauthor. _953779 |
||
| 700 |
_aFu, Huanshuai. _eauthor. _953780 |
||
| 700 |
_aLiu, Xuemin. _eauthor. _953781 |
||
| 700 |
_aZhao, Wei. _eauthor. _953782 |
||
| 700 |
_aLi, Xin. _eauthor. _953783 |
||
| 942 |
_2ddc _cPER |
||
| 999 |
_c19478 _d19478 |
||